Classical and Quantum Molecular Dynamics in NMR Spectra /

Enregistré dans:
Détails bibliographiques
Auteurs principaux: Szymański, Sławomir (Auteur), Bernatowicz, Piotr (Auteur)
Format: Livre
Langue:anglais
Publié: Cham Springer 2018
Sujets:
Tags: Ajouter un tag
Pas de tags, Soyez le premier à ajouter un tag!

MARC

LEADER 00000nam a22000003a 4500
001 0084877
003 SK-STU
005 20201202095801.8
007 ta
008 201202s ----xo-----e------000-0-----d
020 |a 978-3-030-08098-3 
040 |a STU  |b slo 
041 0 |a eng 
044 |a sz 
100 1 |a Szymański, Sławomir  |4 aut 
245 1 0 |a Classical and Quantum Molecular Dynamics in NMR Spectra /  |c aut. Sławomir Szymański, Piotr Bernatowicz 
260 |a Cham  |b Springer  |c 2018 
300 |a 402 s. 
650 0 7 |a kvantová chémia 
650 0 7 |a spektroskopia 
650 0 7 |a molekulárna dynamika 
700 1 |a Bernatowicz, Piotr  |4 aut 
996 |b 284M088505  |c M* 14408-1  |l MMKN  |s A  |a 24  |w 0084877_0001